000 00331nam a22001457a 4500
005 20250724114700.0
041 _aENG
100 _aSrivastava
245 _aA Technology And Applications Of Biogas
260 _aNew Delhi
_bJain Brothers
_c1993
300 _a121
650 _aEOES
700 _aShukla
856 _uEOES ( 12 )
999 _c1254
_d1254